La Estructura del poder en los Estados Unidos

Guardat en:
Dades bibliogràfiques
Autor principal: Birnbaum, Pierre
Format: Text
Publicat: Buenos Aires: EUDEBA
Etiquetes: Afegir etiqueta
Sense etiquetes, Sigues el primer a etiquetar aquest registre!

MARC

LEADER 00000 a a2200000 04500
001 24749
003
040
090 |a 173400  
100 |a Birnbaum, Pierre  
245 |a La Estructura del poder en los Estados Unidos  
260 |a Buenos Aires:   |b EUDEBA  
300 |a 157 p   |b **no definido**   |b fonodiscos  
999 |c 14441  |d 14441